| 000 | 01673nam a2200409 a 4500 | ||
|---|---|---|---|
| 001 | ebr10035843 | ||
| 003 | CaPaEBR | ||
| 006 | m u | ||
| 007 | cr cn||||||||| | ||
| 008 | 971008s1998 nju sb 001 0 eng | ||
| 010 | _z 97044317 | ||
| 020 | _z0691068925 (alk. paper) | ||
| 020 | _z0691015066 (pbk. : alk. paper) | ||
| 040 |
_aCaPaEBR _cCaPaEBR |
||
| 035 | _a(OCoLC)51542587 | ||
| 050 | 1 | 4 |
_aPS169.S23 _bM59 1998eb |
| 082 | 0 | 4 |
_a810.9/353 _221 |
| 100 | 1 |
_aMizruchi, Susan L. _q(Susan Laura) |
|
| 245 | 1 | 4 |
_aThe science of sacrifice _h[electronic resource] : _bAmerican literature and modern social theory / _cSusan L. Mizruchi. |
| 260 |
_aPrinceton, N.J. : _bPrinceton University Press, _cc1998. |
||
| 300 | _a436 p. | ||
| 504 | _aIncludes bibliographical references (p. 371-426) and index. | ||
| 533 |
_aElectronic reproduction. _bPalo Alto, Calif. : _cebrary, _d2013. _nAvailable via World Wide Web. _nAccess may be limited to ebrary affiliated libraries. |
||
| 650 | 0 |
_aAmerican literature _xHistory and criticism. |
|
| 650 | 0 | _aSacrifice in literature. | |
| 650 | 0 |
_aLiterature and anthropology _zUnited States. |
|
| 650 | 0 |
_aLiterature and society _zUnited States. |
|
| 650 | 0 | _aRites and ceremonies in literature. | |
| 650 | 0 | _aHuman sacrifice in literature. | |
| 650 | 0 | _aSelf-sacrifice in literature. | |
| 650 | 0 | _aSocial problems in literature. | |
| 650 | 0 | _aScapegoat in literature. | |
| 650 | 0 | _aRealism in literature. | |
| 655 | 7 |
_aElectronic books. _2local |
|
| 710 | 2 | _aebrary, Inc. | |
| 856 | 4 | 0 |
_uhttp://site.ebrary.com/lib/rucke/Doc?id=10035843 _zAn electronic book accessible through the World Wide Web; click to view |
| 999 |
_c59035 _d59035 |
||